[Event "32. Potsdamer Weihnachtsturnier"]
[Site "?"]
[Date "2007.12.27"]
[Round "2.1"]
[White "Platzek, Janine"]
[Black "Figura, Atila"]
[Result "0-1"]
[WhiteElo "2039"]
[BlackElo "2414"]
[PlyCount "106"]
[EventDate "2007.??.??"]

1. Nf3 Nf6 2. d4 g6 3. c4 Bg7 4. Nc3 d5 5. cxd5 Nxd5 6. e4 Nxc3 7. bxc3 O-O 8.
Bc4 c5 9. h3 Nc6 10. Be3 cxd4 11. cxd4 Qa5+ 12. Bd2 Qa3 13. d5 Na5 14. Be2 Bxa1
15. Qxa1 Nb3 16. Qc3 Qxa2 17. Bh6 Qa5 18. Qxa5 Nxa5 19. Nd4 Rd8 20. Bg5 f6 21.
Bd2 b6 22. Bxa5 bxa5 23. Nc6 Rd7 24. Nxa5 Rc7 25. Kd2 Bd7 26. Rb1 Rac8 27. Rb2
Rc5 28. Ra2 Rb8 29. Bd3 Kf8 30. Bc2 Rb6 31. Nb3 Rc7 32. Nd4 Rb4 33. Kd3 a6 34.
Rxa6 Rxd4+ 35. Kxd4 Rxc2 36. Ke3 Rc3+ 37. Kd4 Rd3+ 38. Kc5 Rd2 39. g4 Rxf2 40.
Ra3 Rc2+ 41. Kd4 Rc7 42. Rf3 Kg7 43. Re3 Bb5 44. Ra3 Kh6 45. Ra5 Bf1 46. h4
Rc4+ 47. Ke3 Bg2 48. g5+ fxg5 49. hxg5+ Kh5 50. Ra2 Bxe4 51. Rh2+ Kxg5 52. Rxh7
Bxd5 53. Rxe7 Re4+ 0-1

[Event "32. Potsdamer Weihnachtsturnier"]
[Site "?"]
[Date "2007.12.27"]
[Round "2.2"]
[White "Reichenbach, Werner"]
[Black "Lindemann, Frank"]
[Result "1-0"]
[WhiteElo "2335"]
[BlackElo "2034"]
[PlyCount "113"]
[EventDate "2007.??.??"]

1. e4 e5 2. Nf3 Nc6 3. Bb5 a6 4. Bxc6 dxc6 5. O-O Bg4 6. h3 h5 7. d3 Bxf3 8.
Qxf3 Qf6 9. Nd2 Be7 10. Qxf6 Nxf6 11. Nc4 Nd7 12. f4 exf4 13. Bxf4 O-O-O 14.
Kh1 f6 15. Bh2 Rdf8 16. Rf3 g5 17. Ne3 g4 18. Rff1 Bd6 19. Nf5 Bxh2 20. Kxh2
Kd8 21. Rae1 c5 22. Ne3 gxh3 23. gxh3 c6 24. Rf5 Rfg8 25. Ref1 Rh7 26. Rg1 Rxg1
27. Kxg1 Ke7 28. Kf2 Ne5 29. Ng2 c4 30. d4 Nf7 31. Ne3 Ng5 32. e5 Ne4+ 33. Kf3
Nd2+ 34. Ke2 Ne4 35. exf6+ Nxf6 36. Nxc4 Rg7 37. Ne3 Rg3 38. Rf3 Rg5 39. c4 Ke6
40. Nf1 Rg2+ 41. Rf2 Rg1 42. Kf3 b5 43. Re2+ Kd6 44. Kf2 Rg5 45. b3 Rf5+ 46.
Kg2 Rg5+ 47. Kh2 bxc4 48. bxc4 Ra5 49. Kg3 Ra4 50. Ne3 Ne4+ 51. Kh4 Ke6 52. Nd1
Rxc4 53. Rxe4+ Kf5 54. Ne3+ Kxe4 55. Nxc4 Kxd4 56. Na5 c5 57. Kxh5 1-0

[Event "32. Potsdamer Weihnachtsturnier"]
[Site "?"]
[Date "2007.12.27"]
[Round "2.3"]
[White "Bernhöft, Erhard"]
[Black "Schöne, Ralf"]
[Result "1-0"]
[WhiteElo "2031"]
[BlackElo "2324"]
[PlyCount "77"]
[EventDate "2007.??.??"]

1. Nf3 d5 2. g3 c5 3. Bg2 Nc6 4. d4 e6 5. c3 Nf6 6. O-O Be7 7. Be3 b6 8. h3 O-O
9. Nbd2 Bb7 10. Rc1 Rc8 11. Nb3 Ne4 12. Ne5 Nxe5 13. Bxe4 dxe4 14. dxe5 Qc7 15.
Nd2 Qxe5 16. Qa4 Qc7 17. Rcd1 Bc6 18. Qc2 f5 19. Nc4 e5 20. f4 exf3 21. exf3 b5
22. Nd2 Qb7 23. Qd3 Rf6 24. Qe2 f4 25. Bf2 Re8 26. Ne4 Rg6 27. Kh2 fxg3+ 28.
Bxg3 Bf8 29. Qe3 Qf7 30. b3 Qf5 31. Qe2 Be7 32. c4 b4 33. Rg1 Rf8 34. Rd3 h5
35. Rg2 Re8 36. Qe3 Bd7 37. Nf2 Bg5 38. Qe4 Qf7 39. Rxd7 1-0

[Event "32. Potsdamer Weihnachtsturnier"]
[Site "?"]
[Date "2007.12.27"]
[Round "2.4"]
[White "Holzschuh, Stephan"]
[Black "Schirrmacher, Carsten"]
[Result "1-0"]
[WhiteElo "2297"]
[BlackElo "2021"]
[PlyCount "113"]
[EventDate "2007.??.??"]

1. e4 e5 2. Nf3 Nc6 3. Bc4 Nf6 4. d3 Bc5 5. c3 O-O 6. b4 Bb6 7. Bg5 d6 8. Qb3
Qe7 9. O-O Nd8 10. Nbd2 Be6 11. Rfe1 Bxc4 12. Nxc4 Ne6 13. Bh4 Nf4 14. Rad1 c6
15. a4 Qe6 16. a5 Bc7 17. Qc2 b6 18. Ra1 bxa5 19. Nxa5 d5 20. Bg3 N6h5 21. c4
Qg4 22. Nd2 Ne2+ 23. Kf1 Nhxg3+ 24. hxg3 Nd4 25. Qd1 Qg6 26. Nf3 f5 27. exd5
cxd5 28. Nxd4 exd4 29. Qf3 f4 30. g4 Qh6 31. Qxd5+ Kh8 32. Qh5 Qf6 33. Nb3 f3
34. g3 g6 35. Qd5 Rad8 36. Qe6 Qg5 37. Qe7 Qxg4 38. Qh4 Qf5 39. Re4 g5 40. Qh5
Bb8 41. Ra5 Qf7 42. Qxf7 Rxf7 43. Rxg5 Rb7 44. b5 a6 45. Nc5 Ra7 46. Nxa6 h6
47. Rf5 Kg7 48. Rxf3 Kg6 49. Nxb8 Rxb8 50. Rxd4 Re8 51. b6 Ra1+ 52. Kg2 h5 53.
c5 Ree1 54. Re3 Reb1 55. Re6+ Kf5 56. Rde4 Ra2 57. R4e5+ 1-0

[Event "32. Potsdamer Weihnachtsturnier"]
[Site "?"]
[Date "2007.12.27"]
[Round "2.5"]
[White "Scheide, Helmut"]
[Black "Trenner, Rolf"]
[Result "0-1"]
[WhiteElo "2008"]
[BlackElo "2261"]
[PlyCount "96"]
[EventDate "2007.??.??"]

1. d4 Nf6 2. c4 b6 3. Nc3 Bb7 4. e3 e6 5. a3 Be7 6. Nf3 O-O 7. Bd3 d5 8. O-O
dxc4 9. Bxc4 c5 10. Qe2 cxd4 11. Rd1 Nc6 12. exd4 Na5 13. Ba2 Nd5 14. Ne4 Re8
15. b4 Nc6 16. Bd2 h6 17. Ng3 Bf8 18. Bb1 f5 19. Bd3 Qf6 20. Bc4 Rad8 21. Rac1
Bd6 22. Qd3 Nce7 23. Bb5 Rf8 24. Ba6 Ba8 25. Re1 g5 26. Ne5 Bxe5 27. dxe5 Qg7
28. Qe2 Ng6 29. Nh5 Qf7 30. Bc4 Rfe8 31. Bxd5 Bxd5 32. Nf6+ Kg7 33. Nxe8+ Rxe8
34. Qa6 Qd7 35. Qd3 Re7 36. Rc3 Qb7 37. f3 Rd7 38. Qc2 Kf7 39. Rc8 Ne7 40. Rc3
Ng6 41. Kf2 b5 42. Rc5 Bc4 43. Bc3 Nf4 44. Re3 Nd3+ 45. Kg1 Qb6 46. Qd2 Qd8 47.
Rxc4 bxc4 48. Qa2 Qb6 0-1

[Event "32. Potsdamer Weihnachtsturnier"]
[Site "?"]
[Date "2007.12.27"]
[Round "2.6"]
[White "Mantau, Jan"]
[Black "Stratonowitsch, Andre"]
[Result "1/2-1/2"]
[WhiteElo "2230"]
[BlackElo "2008"]
[PlyCount "59"]
[EventDate "2007.??.??"]

1. e4 c5 2. Nf3 Nc6 3. d4 cxd4 4. Nxd4 e6 5. Be2 Qc7 6. O-O Nf6 7. Nc3 a6 8.
Be3 Bb4 9. Nxc6 bxc6 10. Bf3 O-O 11. Na4 d5 12. exd5 cxd5 13. c4 Rb8 14. c5 Bd7
15. a3 Ba5 16. b4 Qc6 17. Nc3 Bc7 18. Re1 Be5 19. Bd4 Bxd4 20. Qxd4 Rfe8 21.
Bd1 Qc7 22. f4 Bc6 23. Bc2 Kf8 24. g3 Rbd8 25. a4 Ne4 26. Rad1 f5 27. b5 Nxc3
28. b6 Qd7 29. Qxc3 d4 30. Qc4 1/2-1/2

[Event "32. Potsdamer Weihnachtsturnier"]
[Site "?"]
[Date "2007.12.27"]
[Round "2.7"]
[White "Langner, Tobias"]
[Black "Brüdigam, Martin"]
[Result "0-1"]
[WhiteElo "2004"]
[BlackElo "2197"]
[PlyCount "54"]
[EventDate "2007.??.??"]

1. e4 c5 2. Nf3 e6 3. d3 d5 4. Nbd2 Nf6 5. g3 Nc6 6. Bg2 Qc7 7. O-O Be7 8. Re1
O-O 9. Nf1 dxe4 10. dxe4 Rd8 11. Qe2 b6 12. c3 a5 13. e5 Nd7 14. Bf4 Ba6 15.
Qc2 Nf8 16. Re3 Rd7 17. Rae1 Rad8 18. N1d2 g5 19. Ne4 gxf4 20. gxf4 Ng6 21. f5
exf5 22. Nd6 Bxd6 23. exd6 Qxd6 24. Qxf5 Qf4 25. Nh4 Qxf5 26. Nxf5 Nce7 27.
Nxe7+ Rxe7 0-1

[Event "32. Potsdamer Weihnachtsturnier"]
[Site "?"]
[Date "2007.12.27"]
[Round "2.8"]
[White "Püschel, Werner"]
[Black "Grigoleit, Steven"]
[Result "1-0"]
[WhiteElo "2177"]
[BlackElo "1999"]
[PlyCount "47"]
[EventDate "2007.??.??"]

1. e4 c5 2. Nf3 d6 3. Bb5+ Nc6 4. Bxc6+ bxc6 5. b3 d5 6. Nc3 e6 7. O-O Bd6 8.
e5 Bc7 9. Na4 Bb6 10. d3 Qc7 11. c4 Ne7 12. Ba3 Ng6 13. Qe2 Qe7 14. d4 Ba6 15.
Bxc5 Bxc5 16. Nxc5 Bb7 17. h4 O-O-O 18. g3 Rdg8 19. cxd5 exd5 20. Rac1 h6 21.
Qc2 Qe8 22. Qf5+ Kb8 23. e6 fxe6 24. Qxe6 1-0

[Event "32. Potsdamer Weihnachtsturnier"]
[Site "?"]
[Date "2007.12.27"]
[Round "2.10"]
[White "Hadlich, Winfried"]
[Black "Lenhardt, Manfred"]
[Result "0-1"]
[WhiteElo "1990"]
[BlackElo "2155"]
[PlyCount "42"]
[EventDate "2007.??.??"]

1. Nf3 d5 2. d4 Nf6 3. Bf4 e6 4. e3 Bd6 5. Bg5 h6 6. Bh4 Nbd7 7. c4 O-O 8. c5
Be7 9. Bd3 Ne4 10. Bxe7 Qxe7 11. Qc2 f5 12. Nc3 c6 13. O-O e5 14. b4 Nxc3 15.
Bxf5 e4 16. Bxd7 exf3 17. Bxc8 Raxc8 18. Qxc3 Qg5 19. g3 Qg4 20. Kh1 Rf5 21. e4
Qh3 0-1

[Event "32. Potsdamer Weihnachtsturnier"]
[Site "?"]
[Date "2007.12.27"]
[Round "2.12"]
[White "Zschäbitz, Klaus"]
[Black "Schiffermüller, Stefan"]
[Result "1-0"]
[WhiteElo "2101"]
[BlackElo "1964"]
[PlyCount "54"]
[EventDate "2007.??.??"]

1. d4 Nf6 2. Nf3 e6 3. Bf4 b6 4. e3 Bb7 5. Nbd2 Be7 6. h3 O-O 7. Bd3 d5 8. c4
c5 9. dxc5 bxc5 10. Qb3 Qb6 11. O-O Nbd7 12. Rfd1 Qc6 13. Rac1 a5 14. cxd5 exd5
15. Nd4 Qb6 16. Qxb6 Nxb6 17. Nf5 Rfe8 18. Nxe7+ Rxe7 19. Bd6 Ree8 20. Bxc5
Nbd7 21. Bd4 Rac8 22. Bb5 Red8 23. Nb3 Ra8 24. a4 Nf8 25. Bb6 Rdc8 26. Nc5 Bc6
27. Na6 Bb7 1-0

[Event "32. Potsdamer Weihnachtsturnier"]
[Site "?"]
[Date "2007.12.27"]
[Round "2.13"]
[White "Rietze, Clemens"]
[Black "Rackowiak, Hans"]
[Result "1/2-1/2"]
[WhiteElo "2083"]
[BlackElo "1964"]
[PlyCount "73"]
[EventDate "2007.??.??"]

1. d4 Nf6 2. c4 g6 3. Nc3 d5 4. Bg5 Ne4 5. Bh4 Nxc3 6. bxc3 Bg7 7. e3 c5 8. f3
cxd4 9. cxd4 Nc6 10. Qd2 O-O 11. Rc1 Qd6 12. Bg3 Qd8 13. cxd5 Qxd5 14. Bc4 Qa5
15. Ne2 Qxd2+ 16. Kxd2 Na5 17. Bd5 e6 18. Be4 f5 19. Bd3 Nc6 20. Rc5 Bd7 21.
Rhc1 Rac8 22. Bb5 a6 23. Ba4 Bf6 24. R5c2 Be7 25. Ke1 b5 26. Bb3 Nb4 27. Rxc8
Rxc8 28. Rxc8+ Bxc8 29. Nf4 Kf7 30. Kd2 g5 31. Ne2 Bb7 32. a4 bxa4 33. Bxa4 Nd5
34. Kd3 a5 35. Bb5 a4 36. Be1 a3 37. Nc1 1/2-1/2

[Event "32. Potsdamer Weihnachtsturnier"]
[Site "?"]
[Date "2007.12.27"]
[Round "2.14"]
[White "Mühlhan, Klaus"]
[Black "Schlüter, Bernd"]
[Result "0-1"]
[WhiteElo "1946"]
[BlackElo "2083"]
[PlyCount "56"]
[EventDate "2007.??.??"]

1. e4 d6 2. d4 Nf6 3. Nc3 g6 4. Be2 Bg7 5. Be3 Nc6 6. Qd2 O-O 7. O-O-O e5 8. d5
Nd4 9. Bh6 Bxh6 10. Qxh6 Nxe2+ 11. Ngxe2 Ng4 12. Qd2 Nxf2 13. h4 h5 14. Rh2
Nxd1 15. Nxd1 Bg4 16. Ne3 f5 17. exf5 gxf5 18. Ng3 Qf6 19. Nxg4 fxg4 20. Qg5+
Qxg5+ 21. hxg5 Kg7 22. Rxh5 Kg6 23. Rh6+ Kxg5 24. Rh7 Kf4 25. Nh5+ Ke3 26. b3
Rh8 27. Rxh8 Rxh8 28. Nf6 Kf4 0-1

[Event "32. Potsdamer Weihnachtsturnier"]
[Site "?"]
[Date "2007.12.27"]
[Round "2.15"]
[White "Allgaier, Erik"]
[Black "Blomel, Christoph"]
[Result "1/2-1/2"]
[WhiteElo "2060"]
[BlackElo "1839"]
[PlyCount "33"]
[EventDate "2007.??.??"]

1. Nf3 f5 2. d3 Nf6 3. e4 fxe4 4. dxe4 Nxe4 5. Bd3 Nf6 6. Ng5 d6 7. Nxh7 Kd7 8.
Ng5 Qe8 9. Bf5+ Kd8 10. Bxc8 Kxc8 11. Qf3 Nc6 12. Be3 Ne5 13. Qf5+ Qd7 14.
Qxd7+ Kxd7 15. Nd2 Neg4 16. Bf4 Nh5 17. Nf7 1/2-1/2

[Event "32. Potsdamer Weihnachtsturnier"]
[Site "?"]
[Date "2007.12.27"]
[Round "2.16"]
[White "Grigoleit, Eckhard"]
[Black "Pohl, Mathias"]
[Result "0-1"]
[WhiteElo "1757"]
[BlackElo "2059"]
[PlyCount "100"]
[EventDate "2007.??.??"]

1. e4 e5 2. Nf3 Nc6 3. Nc3 Nf6 4. d3 d6 5. h3 Be7 6. Be3 O-O 7. Qd2 d5 8. exd5
Nxd5 9. Nxd5 Qxd5 10. a3 Nd4 11. Be2 c5 12. Nxd4 exd4 13. Bf4 Qxg2 14. O-O-O
Qd5 15. Kb1 Be6 16. b3 a5 17. Rc1 Bf6 18. Bg4 a4 19. Bxe6 Qxe6 20. Rce1 Qd5 21.
b4 cxb4 22. Qxb4 Ra5 23. Kc1 Rc8 24. Kd2 Qf5 25. Re4 Qc5 26. Rc1 Qxb4+ 27. axb4
Rb5 28. Bd6 Rd5 29. Bc5 Bg5+ 30. f4 f5 31. Rxd4 Rxd4 32. Bxd4 Bxf4+ 33. Be3 Be5
34. c4 Bb2 35. Rb1 a3 36. Rxb2 axb2 37. Kc2 Re8 38. Bd4 Re2+ 39. Kb1 Rd2 40.
Bxb2 Rxd3 41. Kc2 Rxh3 42. b5 Kf7 43. c5 Ke6 44. Bxg7 Kd5 45. Bf8 Rh4 46. Kb3
Re4 47. c6 bxc6 48. b6 Re8 49. Bh6 Rb8 50. Be3 c5 0-1

[Event "32. Potsdamer Weihnachtsturnier"]
[Site "?"]
[Date "2007.12.27"]
[Round "2.17"]
[White "Schrodt, Sebastian"]
[Black "Welz, Peter"]
[Result "1-0"]
[WhiteElo "1764"]
[BlackElo "2139"]
[PlyCount "111"]
[EventDate "2007.??.??"]

1. Nf3 f5 2. d4 Nf6 3. c4 g6 4. Nc3 Bg7 5. g3 O-O 6. Bg2 d6 7. O-O Nc6 8. d5
Ne5 9. Nxe5 dxe5 10. e4 f4 11. gxf4 exf4 12. Bxf4 Nxe4 13. Nxe4 Rxf4 14. Qe2 e5
15. Rad1 Qh4 16. d6 cxd6 17. Nxd6 Be6 18. b3 Raf8 19. Ne4 Qh6 20. Qd2 b6 21.
Ng3 Qh4 22. Qd6 Bg4 23. f3 Bxf3 24. Rxf3 Rxf3 25. Bxf3 Rxf3 26. Qb8+ Rf8 27.
Qxa7 Qg4 28. Qd7 Qxd7 29. Rxd7 Rf4 30. Kg2 h5 31. Rd6 h4 32. Ne2 Rf6 33. Rxf6
Bxf6 34. h3 e4 35. Kf2 Bg5 36. Nc3 Kf7 37. Nxe4 Be7 38. Kf3 Ke6 39. Kf4 Bd8 40.
Ng5+ Kf6 41. Nf3 Ke6 42. Kg4 Kd6 43. b4 Bf6 44. Nxh4 Bc3 45. c5+ bxc5 46. bxc5+
Kxc5 47. Nxg6 Kb4 48. h4 Ka3 49. h5 Kxa2 50. h6 Kb3 51. Kf5 Kc4 52. Ne7 Kc5 53.
Ke6 Kd4 54. Nf5+ Ke4 55. Ng7 Kf4 56. Kf7 1-0

[Event "32. Potsdamer Weihnachtsturnier"]
[Site "?"]
[Date "2007.12.27"]
[Round "2.18"]
[White "Illner, Christian"]
[Black "Wiezer, Siegfried"]
[Result "1-0"]
[WhiteElo "2028"]
[BlackElo "2065"]
[PlyCount "35"]
[EventDate "2007.??.??"]

1. e4 c6 2. d4 d6 3. Nf3 Nf6 4. Nc3 Bg4 5. h3 Bh5 6. Bg5 Bxf3 7. Qxf3 Qa5 8.
Bd2 Qb6 9. e5 Nfd7 10. exd6 e6 11. Ne4 Qxb2 12. Bc3 Qxc2 13. Bd3 Qa4 14. O-O c5
15. dxc5 Qc6 16. Rab1 a6 17. Rxb7 f5 18. Rc7 1-0

[Event "32. Potsdamer Weihnachtsturnier"]
[Site "?"]
[Date "2007.12.27"]
[Round "2.19"]
[White "Göpel, Martin"]
[Black "Schilling, Florian"]
[Result "1/2-1/2"]
[WhiteElo "1732"]
[BlackElo "2003"]
[PlyCount "99"]
[EventDate "2007.??.??"]

1. e4 Nf6 2. e5 Nd5 3. c4 Nb6 4. d4 d6 5. exd6 exd6 6. h3 Bf5 7. Nf3 Be7 8. Bd3
Bxd3 9. Qxd3 O-O 10. O-O Bf6 11. Nc3 Nc6 12. a3 Na5 13. Nd2 Re8 14. d5 Qd7 15.
Nce4 Qf5 16. Nxf6+ Qxf6 17. Rb1 Qg6 18. Qxg6 hxg6 19. b3 c6 20. dxc6 Nxc6 21.
Bb2 d5 22. cxd5 Nxd5 23. Nc4 Rad8 24. Rfe1 Rxe1+ 25. Rxe1 Nf4 26. Re3 f6 27.
Re1 b5 28. Ne3 Rd2 29. Rb1 Nd3 30. Rd1 Rxd1+ 31. Nxd1 Nxb2 32. Nxb2 Nd4 33. b4
Nc2 34. Nd3 Nxa3 35. Nc5 Kf7 36. Kf1 Ke7 37. Ke2 Kd6 38. Kd3 Kd5 39. Na6 Kc6
40. Nb8+ Kc7 41. Na6+ Kb6 42. Nb8 Kc7 43. Na6+ Kd6 44. f4 Nc4 45. Kd4 Nb6 46.
Nc5 Nc8 47. g4 Ne7 48. Ne4+ Kc6 49. Nc5 Nd5 50. Nd3 1/2-1/2

[Event "32. Potsdamer Weihnachtsturnier"]
[Site "?"]
[Date "2007.12.27"]
[Round "2.20"]
[White "Pugliese, Roland"]
[Black "Schulz, Wolfgang"]
[Result "0-1"]
[WhiteElo "1447"]
[BlackElo "2173"]
[PlyCount "120"]
[EventDate "2007.??.??"]

1. e4 e5 2. Nf3 Nc6 3. Bc4 Nf6 4. Ng5 d5 5. exd5 Na5 6. Bb5+ c6 7. dxc6 bxc6 8.
Be2 h6 9. Nf3 e4 10. Ne5 Qd4 11. Ng4 Bxg4 12. Bxg4 Bc5 13. Rf1 e3 14. f3 Rd8
15. Qe2 O-O 16. c3 Qe5 17. b4 Bxb4 18. f4 exd2+ 19. Bxd2 Qxe2+ 20. Bxe2 Bc5 21.
c4 Nb7 22. Nc3 Rfe8 23. O-O-O Nd6 24. Bf3 Nf5 25. Bxc6 Ba3+ 26. Kb1 Rb8+ 27.
Nb5 Rec8 28. Kc2 Bc5 29. Bf3 a6 30. Nc3 Nd4+ 31. Kd3 Rd8 32. Bd5 Nc6 33. Ke2
Re8+ 34. Kf3 Nd4+ 35. Kg3 Bb4 36. Rde1 Bxc3 37. Bxc3 Ne2+ 38. Rxe2 Rxe2 39.
Bxf6 gxf6 40. c5 Rc2 41. c6 Rd8 42. Rd1 Kg7 43. Kf3 f5 44. Ke3 Rxc6 45. Bxc6
Rxd1 46. a4 a5 47. h3 h5 48. Kf3 Rc1 49. Bb5 Rc3+ 50. Kf2 h4 51. Ke2 Kf6 52.
Kd2 Ra3 53. Ke2 Ke7 54. Bc6 Kd6 55. Be8 f6 56. Bb5 Kc5 57. Kf2 Rb3 58. Bd7 Kd6
59. Bb5 Rxb5 60. axb5 a4 0-1

[Event "32. Potsdamer Weihnachtsturnier"]
[Site "?"]
[Date "2007.12.27"]
[Round "2.21"]
[White "Hein, Carsten"]
[Black "Geike, Eberhard"]
[Result "1-0"]
[WhiteElo "2133"]
[BlackElo "1739"]
[PlyCount "79"]
[EventDate "2007.??.??"]

1. e4 e5 2. Nf3 Nc6 3. Bb5 d6 4. d4 Bd7 5. c3 Be7 6. O-O Nf6 7. Re1 O-O 8. h3
a6 9. Bf1 Kh8 10. Na3 Ng8 11. Nc4 Bf6 12. a4 g6 13. dxe5 Nxe5 14. Ncxe5 dxe5
15. Be3 Qe7 16. b4 Rfd8 17. Qc1 b6 18. a5 b5 19. Bc5 Qe8 20. c4 c6 21. Qc3 Bg7
22. Rad1 f6 23. Bb6 Rdc8 24. Nd2 Bf8 25. Nb3 Qf7 26. Nc5 Be6 27. Be2 Re8 28.
cxb5 cxb5 29. Bg4 Bxg4 30. hxg4 g5 31. Qd2 Qc4 32. Rb1 Ne7 33. Qd7 Ng6 34. g3
Re7 35. Qc6 Rae8 36. Rbc1 Qf7 37. Nxa6 Rd7 38. Qxb5 Re6 39. Nc5 Bxc5 40. bxc5 {
Zeitueberschreitung} 1-0

[Event "32. Potsdamer Weihnachtsturnier"]
[Site "?"]
[Date "2007.12.27"]
[Round "2.22"]
[White "Lange, Werner"]
[Black "Scholvin, Erich"]
[Result "0-1"]
[WhiteElo "1758"]
[BlackElo "2125"]
[PlyCount "76"]
[EventDate "2007.??.??"]

1. e4 e6 2. d4 d5 3. exd5 exd5 4. Nf3 Bd6 5. Bg5 Ne7 6. Bd3 f6 7. Bh4 Nbc6 8.
c3 Bg4 9. Nbd2 Qd7 10. Qc2 Qe6+ 11. Kd1 O-O-O 12. Bg3 g6 13. Re1 Qd7 14. b4 Nf5
15. Qa4 Nxg3 16. hxg3 Kb8 17. b5 Ne7 18. Kc2 Bf5 19. Bxf5 Qxf5+ 20. Kb2 Nc8 21.
Re3 Nb6 22. Qb3 Rhe8 23. Rae1 Rxe3 24. Rxe3 Qd7 25. Ne1 Re8 26. Nc2 f5 27. c4
dxc4 28. Nxc4 Nxc4+ 29. Qxc4 Rd8 30. Re6 b6 31. Ne3 Bf8 32. d5 Bc5 33. Rc6 Qg7+
34. Kb3 Bxe3 35. fxe3 Qe5 36. a4 Qxe3+ 37. Ka2 Qf2+ 38. Kb1 Qg1+ 0-1

[Event "32. Potsdamer Weihnachtsturnier"]
[Site "?"]
[Date "2007.12.27"]
[Round "2.23"]
[White "Hahn, Thomas"]
[Black "Schmidt, Jörg"]
[Result "0-1"]
[WhiteElo "1714"]
[BlackElo "2117"]
[PlyCount "178"]
[EventDate "2007.??.??"]

1. d4 Nf6 2. Bf4 d6 3. e3 g6 4. Nf3 Bg7 5. Bd3 O-O 6. Nbd2 Nd5 7. Bg5 Nb4 8.
Be2 c5 9. c3 N4c6 10. O-O cxd4 11. exd4 Nd7 12. Re1 Nf6 13. Bd3 a6 14. Qc2 Bg4
15. h3 Bxf3 16. Nxf3 Rc8 17. Qd2 Re8 18. Rad1 b5 19. a4 Rb8 20. axb5 axb5 21.
Qe2 Qb6 22. Ra1 h6 23. Bd2 Rb7 24. Ra2 Reb8 25. Rea1 Qc7 26. Ra8 Na7 27. Rxb8+
Rxb8 28. Bf4 Nd5 29. Bg3 Nb6 30. Nd2 b4 31. Qe4 Nac8 32. cxb4 Nd7 33. b5 Qb6
34. Nf3 Nf8 35. Ra6 Qc7 36. b3 Nb6 37. Qc6 Qd8 38. Bc4 Nfd7 39. Bf4 Rc8 40. Qb7
Rc7 41. Qe4 e5 42. Be3 exd4 43. Bxd4 Nc5 44. Bxc5 Rxc5 45. Rxb6 Qxb6 46. Qe8+
Kh7 47. Bxf7 h5 48. Bxg6+ Kh6 49. Qe6 Qd8 50. g4 Qf6 51. g5+ Rxg5+ 52. Nxg5
Qxg5+ 53. Kf1 Qxg6 54. Qe3+ Qg5 55. Qe6+ Kh7 56. b6 Qb5+ 57. Kg2 Qxb6 58. Qe4+
Kh6 59. Qf4+ Kg6 60. Qe4+ Kf7 61. Qf5+ Ke7 62. Qe4+ Be5 63. Qh7+ Ke6 64. Qg8+
Kd7 65. Qf7+ Kc6 66. Qf3+ Kb5 67. Qd3+ Kb4 68. Qc4+ Ka3 69. Qa4+ Kb2 70. Qc4
Qxb3 71. Qe2+ Qc2 72. Qxh5 Qe4+ 73. Kf1 Kc3 74. h4 Kd4 75. Qd1+ Qd3+ 76. Qxd3+
Kxd3 77. Kg2 Ke4 78. Kh3 d5 79. Kg4 d4 80. f4 d3 81. fxe5 Kxe5 82. h5 d2 83.
Kg5 d1=Q 84. h6 Qd2+ 85. Kg6 Qg2+ 86. Kf7 Qg5 87. h7 Qh6 88. Kg8 Kf6 89. Kh8
Qf8# 0-1

[Event "32. Potsdamer Weihnachtsturnier"]
[Site "?"]
[Date "2007.12.27"]
[Round "2.24"]
[White "Bachran, Boris"]
[Black "Aleanakian, Gabriel"]
[Result "1-0"]
[WhiteElo "1932"]
[BlackElo "1650"]
[PlyCount "117"]
[EventDate "2007.??.??"]

1. d4 c5 2. c3 d5 3. Nf3 Nc6 4. Bf4 cxd4 5. Nxd4 Qb6 6. Qb3 Nxd4 7. Qxb6 Nc2+
8. Kd2 axb6 9. Kxc2 Bf5+ 10. Kc1 e6 11. e3 Nf6 12. Bb5+ Kd8 13. h3 Bxb1 14.
Kxb1 Ne4 15. f3 Nd6 16. Bd3 f6 17. Rd1 Kc7 18. e4 e5 19. Bh2 dxe4 20. fxe4 Rd8
21. Kc2 Kc6 22. g4 Be7 23. Bg1 b5 24. a3 Rd7 25. b3 Rhd8 26. Be3 g6 27. Rd2 Nf7
28. Rad1 Rd6 29. b4 R8d7 30. Rc1 Nd8 31. c4 bxc4 32. Bxc4 Rxd2+ 33. Bxd2 Rc7
34. Kb3 Bd6 35. Be3 b5 36. Bg8+ Kd7 37. Rxc7+ Kxc7 38. Bxh7 Ne6 39. Bxg6 Nf4
40. Be8 Nxh3 41. Bxb5 Ng5 42. Bxg5 fxg5 43. a4 Kb6 44. Kc4 Be7 45. a5+ Ka7 46.
Bd7 Kb7 47. b5 Bd8 48. Kb4 Be7+ 49. Ka4 Bc5 50. b6 Bxb6 51. axb6 Kxb6 52. Kb4
Kc7 53. Ba4 Kd6 54. Kb5 Ke7 55. Kc5 Kf6 56. Kd5 Ke7 57. Kxe5 Kf7 58. Kd6 Kf8
59. e5 1-0

[Event "32. Potsdamer Weihnachtsturnier"]
[Site "?"]
[Date "2007.12.27"]
[Round "2.25"]
[White "Bielick, Jakob"]
[Black "Zimmermann, Rene"]
[Result "0-1"]
[WhiteElo "1688"]
[BlackElo "1917"]
[PlyCount "72"]
[EventDate "2007.??.??"]

1. e4 e6 2. d4 d5 3. Nc3 Bb4 4. e5 Ne7 5. Qg4 c5 6. a3 Qa5 7. Bd2 cxd4 8. Qxd4
Nbc6 9. Qg4 d4 10. Ne4 Bxd2+ 11. Nxd2 Qxe5+ 12. Be2 h5 13. Qh3 Qa5 14. Ngf3 e5
15. Qg3 e4 16. b4 Nf5 17. Qf4 Nxb4 18. Qxe4+ Ne7 19. Nxd4 Nbd5 20. N4b3 Qc7 21.
O-O Bf5 22. Qd4 Nf6 23. Bb5+ Kf8 24. Rfe1 a6 25. Bd3 Bxd3 26. cxd3 Rd8 27. Qe3
Ng4 28. Qh3 Ng6 29. Re4 Nf6 30. Rc1 Qb8 31. Rec4 Nf4 32. Qe3 N4d5 33. Qc5+ Kg8
34. Ne4 Nf4 35. Nxf6+ gxf6 36. Qe3 Nxd3 {vermutlich Zeitueberschreitung} 0-1

[Event "32. Potsdamer Weihnachtsturnier"]
[Site "?"]
[Date "2007.12.27"]
[Round "2.26"]
[White "Scholz, Robert"]
[Black "Hildebrandt, Stephan"]
[Result "1-0"]
[WhiteElo "1914"]
[BlackElo "1559"]
[PlyCount "43"]
[EventDate "2007.??.??"]

1. e4 e5 2. Nf3 Nc6 3. Bb5 d6 4. O-O Bd7 5. c3 g6 6. d4 Bg7 7. d5 Nce7 8. Bxd7+
Qxd7 9. c4 f5 10. Nc3 Nf6 11. Ng5 f4 12. Ne6 Bh6 13. Qd3 Kf7 14. Qh3 Bg7 15. g3
Nh5 16. Nxf4 Qxh3 17. Nxh3 h6 18. g4 Nf6 19. f4 exf4 20. Nxf4 a6 21. Ne6 g5 22.
e5 1-0

[Event "32. Potsdamer Weihnachtsturnier"]
[Site "?"]
[Date "2007.12.27"]
[Round "2.27"]
[White "Schröder, Helge"]
[Black "Sonntag"]
[Result "0-1"]
[WhiteElo "1601"]
[BlackElo "1894"]
[PlyCount "63"]
[EventDate "2007.??.??"]

1. e4 c5 2. f4 d5 3. Nc3 d4 4. Nce2 Nc6 5. d3 e5 6. Nf3 Bd6 7. f5 g6 8. g4 h5
9. fxg6 fxg6 10. Bg5 Be7 11. Bxe7 Qxe7 12. gxh5 gxh5 13. Qd2 Bg4 14. Bg2 O-O-O
15. O-O-O Nf6 16. h3 Be6 17. Ng5 Rdg8 18. Rdf1 Bxa2 19. b3 a5 20. Kb2 Nb4 21.
c3 dxc3+ 22. Nxc3 Bxb3 23. Kxb3 Rg6 24. h4 Rd8 25. Nd5 Nfxd5 26. exd5 Nxd5 27.
Bxd5 Rxd5 28. Qc3 Qd7 29. Kc2 c4 30. dxc4 Qa4+ 31. Kc1 Rc6 32. Ne4 0-1

[Event "32. Potsdamer Weihnachtsturnier"]
[Site "?"]
[Date "2007.12.27"]
[Round "2.28"]
[White "Karunaharamoorthy, Achudhan"]
[Black "Roitzsch, Hans-Werner"]
[Result "1-0"]
[WhiteElo "1877"]
[BlackElo "1600"]
[PlyCount "57"]
[EventDate "2007.??.??"]

1. d4 Nf6 2. c4 e6 3. Nf3 c5 4. d5 exd5 5. cxd5 d6 6. Nc3 Bf5 7. e4 Bg4 8. Be2
Be7 9. O-O O-O 10. Bf4 Nbd7 11. h3 Bxf3 12. Bxf3 Ne5 13. Be2 Re8 14. Bh2 Nfd7
15. f4 Ng6 16. Bd3 Bf6 17. Qd2 a6 18. a4 Rc8 19. Rae1 c4 20. Bc2 Qb6+ 21. Kh1
Nc5 22. e5 Be7 23. Ne4 dxe5 24. fxe5 Nxe4 25. Bxe4 Bb4 26. Qe3 Qxe3 27. Rxe3
Nxe5 28. Bxe5 f6 29. Bd4 1-0

[Event "32. Potsdamer Weihnachtsturnier"]
[Site "?"]
[Date "2007.12.27"]
[Round "2.29"]
[White "Köckeritz, Dieter"]
[Black "Jäger, Marco"]
[Result "1-0"]
[WhiteElo "1580"]
[BlackElo "1867"]
[PlyCount "88"]
[EventDate "2007.??.??"]

1. Nf3 Nf6 2. g3 g6 3. Bg2 Bg7 4. O-O c5 5. d3 O-O 6. e4 d6 7. Nc3 Nc6 8. h3 a6
9. a4 Bd7 10. Kh2 Qc7 11. Be3 Rad8 12. d4 cxd4 13. Nxd4 Bc8 14. Nxc6 bxc6 15.
a5 c5 16. Qe2 Bb7 17. Nd5 Nxd5 18. exd5 Bxb2 19. Rab1 Bg7 20. Rb6 Qd7 21. Rfb1
Bc8 22. c4 Rfe8 23. Qf1 Qa4 24. Bd2 Qc2 25. Qc1 Qa2 26. R1b3 Qa4 27. g4 Rf8 28.
f4 f5 29. gxf5 Rxf5 30. Bf3 Rf7 31. Bg4 Bf5 32. Bxf5 Rxf5 33. Ra3 Qd7 34. Rxa6
Rdf8 35. Rb6 e5 36. a6 exf4 37. Rb7 Qc8 38. Rf3 Be5 39. Qb1 Qd8 40. a7 R5f7 41.
Rb8 Qh4 42. a8=Q Qg3+ 43. Rxg3 fxg3+ 44. Kh1 Kg7 1-0